<?xml version="1.0" encoding="UTF-8"?>
<record
    xmlns:xsi="http://www.w3.org/2001/XMLSchema-instance"
    xsi:schemaLocation="http://www.loc.gov/MARC21/slim http://www.loc.gov/standards/marcxml/schema/MARC21slim.xsd"
    xmlns="http://www.loc.gov/MARC21/slim">

  <leader>04686nam a2200361 i 4500</leader>
  <controlfield tag="001">000034902</controlfield>
  <controlfield tag="003">DO-SdBNP</controlfield>
  <controlfield tag="005">20260310105021.0</controlfield>
  <controlfield tag="007">ta</controlfield>
  <controlfield tag="008">090710s1990    dr abd        001 0 spa d</controlfield>
  <datafield tag="020" ind1=" " ind2=" ">
    <subfield code="a">9993481793</subfield>
  </datafield>
  <datafield tag="040" ind1=" " ind2=" ">
    <subfield code="a">DO-SdBNP</subfield>
    <subfield code="b">spa</subfield>
    <subfield code="c">BNPHU </subfield>
    <subfield code="e">rda</subfield>
  </datafield>
  <datafield tag="041" ind1=" " ind2=" ">
    <subfield code="a">spa</subfield>
  </datafield>
  <datafield tag="082" ind1=" " ind2="4">
    <subfield code="a">972.93</subfield>
    <subfield code="b">N964o</subfield>
    <subfield code="2">22</subfield>
  </datafield>
  <datafield tag="100" ind1="1" ind2=" ">
    <subfield code="a">N&#xFA;&#xF1;ez, Manuel,</subfield>
    <subfield code="d">1957-</subfield>
    <subfield code="e">autor</subfield>
    <subfield code="4">aut.</subfield>
    <subfield code="9">2366</subfield>
  </datafield>
  <datafield tag="245" ind1="1" ind2="3">
    <subfield code="a">El ocaso de la naci&#xF3;n dominicana /</subfield>
    <subfield code="c">Manuel N&#xFA;&#xF1;ez.</subfield>
  </datafield>
  <datafield tag="264" ind1=" " ind2="1">
    <subfield code="a">Santo Domingo :</subfield>
    <subfield code="b">Alfa y Omega,</subfield>
    <subfield code="c">1990.</subfield>
  </datafield>
  <datafield tag="300" ind1=" " ind2=" ">
    <subfield code="a">347 p&#xE1;ginas ;</subfield>
    <subfield code="c">22 cm.</subfield>
  </datafield>
  <datafield tag="336" ind1=" " ind2=" ">
    <subfield code="a">texto</subfield>
    <subfield code="b">txt</subfield>
    <subfield code="2">rdacontent</subfield>
  </datafield>
  <datafield tag="337" ind1=" " ind2=" ">
    <subfield code="a">sin mediaci&#xF3;n</subfield>
    <subfield code="b">n</subfield>
    <subfield code="2">rdamedia</subfield>
  </datafield>
  <datafield tag="338" ind1=" " ind2=" ">
    <subfield code="a">volumen</subfield>
    <subfield code="b">nc</subfield>
    <subfield code="2">rdacarrier</subfield>
  </datafield>
  <datafield tag="500" ind1=" " ind2=" ">
    <subfield code="a">Incluye referencias bibliogr&#xE1;ficas y notas al pie de las p&#xE1;ginas</subfield>
  </datafield>
  <datafield tag="505" ind1="0" ind2=" ">
    <subfield code="a">Nota a la segunda edici&#xF3;n --</subfield>
    <subfield code="t">Nota preliminar--</subfield>
    <subfield code="t">Anexionismo e ideal de independencia --</subfield>
    <subfield code="t">Las naciones son mortales --</subfield>
    <subfield code="t">La traici&#xF3;n de los intelectuales --</subfield>
    <subfield code="t">La guerra dom&#xED;nico-haitiana --</subfield>
    <subfield code="t">La Naci&#xF3;n puesta a prueba --</subfield>
    <subfield code="t">La Naci&#xF3;n y el Estado --</subfield>
    <subfield code="t">La sustituci&#xF3;n de la poblaci&#xF3;n dominicana --</subfield>
    <subfield code="t">La historia de larga duraci&#xF3;n</subfield>
    <subfield code="t">La desnacionalizaci&#xF3;n de la mano de obra --</subfield>
    <subfield code="t">La desnacionalizaci&#xF3;n de la cultura --</subfield>
    <subfield code="t">La desnacionalizaci&#xF3;n del territorio --</subfield>
    <subfield code="t">La desnacionalizaci&#xF3;n de los registros civiles --</subfield>
    <subfield code="t">El peso de los problemas haitianos en la Rep&#xFA;blica Dominicana --</subfield>
    <subfield code="t">El desarrollo de estereotipos. ONU, OEA, organismos internacionales --</subfield>
    <subfield code="t">Un estado ca&#xF3;tico e ingobernable. Un pa&#xED;s sin soberan&#xED;a --</subfield>
    <subfield code="t">Actividades antidominicanas --</subfield>
    <subfield code="t">Los trastornos sanitarios producidos por la inmigraci&#xF3;n haitiana --</subfield>
    <subfield code="t">El peso de los sin papeles en la educaci&#xF3;n --</subfield>
    <subfield code="t">La pol&#xED;tica de los hechos consumados --</subfield>
    <subfield code="t">El papel de los Estados Unidos como estado mediador.</subfield>
  </datafield>
  <datafield tag="505" ind1="0" ind2=" ">
    <subfield code="t">El poder transnacional del narcotr&#xE1;fico --</subfield>
    <subfield code="t">La incompetencia de los dirigentes --</subfield>
    <subfield code="t">La colonizaci&#xF3;n --</subfield>
    <subfield code="t">El factor demogr&#xE1;fico --</subfield>
    <subfield code="t">La historiograf&#xED;a sin el pueblo-Naci&#xF3;n --</subfield>
    <subfield code="t">Factor pol&#xED;tico: la batalla jur&#xED;dica de los indocumentados --</subfield>
    <subfield code="t">El lenguaje perverso --</subfield>
    <subfield code="t">La raza contra la naci&#xF3;n dominicana --</subfield>
    <subfield code="t">La igualdad de las razas no suprime la diversidad de culturas --</subfield>
    <subfield code="t">Factor econ&#xF3;mico: una temporada en el infierno neoliberal --</subfield>
    <subfield code="t">La globalizaci&#xF3;n contra la naci&#xF3;n --</subfield>
    <subfield code="t">La visi&#xF3;n de Ignacio Ellacur&#xED;a --</subfield>
    <subfield code="t">Factor territorial: las limitaciones del territorio haitiano -</subfield>
    <subfield code="t">De la colonizaci&#xF3;n interior a la colonizaci&#xF3;n exterior --</subfield>
    <subfield code="t">La frontera invisible --</subfield>
    <subfield code="t">Una mentalidad de asistidos sociales --</subfield>
  </datafield>
  <datafield tag="505" ind1="0" ind2=" ">
    <subfield code="a">Nota a la segunda edici&#xF3;n -- Nota preliminar -- La traici&#xF3;n de los intelectuales -- Las naciones son mortales -- Anexionismo e ideal de independencia -- La guerra dom&#xED;nico-haitiana -- La Naci&#xF3;n puesta a prueba -- La Naci&#xF3;n y el Estado -- La historia de larga duraci&#xF3;n -- La sustituci&#xF3;n de la poblaci&#xF3;n dominicana -- La desnacionalizaci&#xF3;n de la mano de obra -- La desnacionalizaci&#xF3;n de la cultura -- La desnacionalizaci&#xF3;n del territorio --La desnacionalizaci&#xF3;n de los registros civiles -- El peso de los problemas haitianos en la Rep&#xFA;blica Dominicana -- El desarrollo de estereotipos. ONU, OEA, organismos internacionales -- Un estado ca&#xF3;tico e ingobernable. Un pa&#xED;s sin soberan&#xED;a -- Actividades antidominicanas -- Los trastornos sanitarios producidos por la inmigraci&#xF3;n haitiana -- El peso de los sin papeles en la educaci&#xF3;n -- La pol&#xED;tica de los hechos consumados -- El papel de los Estados Unidos como estado mediador.El poder transnacional del narcotr&#xE1;fico -- La incompetencia de los dirigentes -- La colonizaci&#xF3;n --El factor demogr&#xE1;fico -- La historiograf&#xED;a sin el pueblo-Naci&#xF3;n -- Factor pol&#xED;tico: la batalla jur&#xED;dica de los indocumentados -- El lenguaje perverso -- La raza contra la naci&#xF3;n dominicana -- La igualdad de las razas no suprime la diversidad de culturas -- Factor econ&#xF3;mico: una temporada en el infierno neoliberal -- La globalizaci&#xF3;n contra la naci&#xF3;n -- La visi&#xF3;n de Ignacio Ellacur&#xED;a -- Factor territorial: las limitaciones del territorio haitiano -- De la colonizaci&#xF3;n interior a la colonizaci&#xF3;n exterior -- La frontera invisible -- Una mentalidad de asistidos sociales -- Los prop&#xF3;sitos de las ONG -- El rechazo de lo dominicano -- La Iglesia contra la Naci&#xF3;n: el caso de los Jesuitas -- La conciencia desgarrada -- Saman&#xE1;: el ejemplo hist&#xF3;rico -- La decadencia del patriotismo -- Una isla: dos naciones -- Price Mars o el racismo a lo Gobineau -- La interpretaci&#xF3;n de la independencia.</subfield>
  </datafield>
  <datafield tag="590" ind1=" " ind2=" ">
    <subfield code="a">Inventariado, 2024 /LP</subfield>
  </datafield>
  <datafield tag="650" ind1=" " ind2="4">
    <subfield code="a">Nacionalismo</subfield>
    <subfield code="9">10966</subfield>
  </datafield>
  <datafield tag="650" ind1=" " ind2="4">
    <subfield code="a">Sociolog&#xED;a hist&#xF3;rica</subfield>
    <subfield code="9">10967</subfield>
  </datafield>
  <datafield tag="651" ind1=" " ind2="4">
    <subfield code="a">Rep&#xFA;blica Dominicana</subfield>
    <subfield code="x">Historia</subfield>
    <subfield code="9">170</subfield>
  </datafield>
  <datafield tag="651" ind1=" " ind2="4">
    <subfield code="a">Rep&#xFA;blica Dominicana</subfield>
    <subfield code="x">Historiograf&#xED;a</subfield>
    <subfield code="9">1457</subfield>
  </datafield>
  <datafield tag="910" ind1=" " ind2=" ">
    <subfield code="a">LP</subfield>
  </datafield>
  <datafield tag="942" ind1=" " ind2=" ">
    <subfield code="2">ddc</subfield>
    <subfield code="c">LBS1</subfield>
  </datafield>
  <datafield tag="952" ind1=" " ind2=" ">
    <subfield code="0">0</subfield>
    <subfield code="1">0</subfield>
    <subfield code="2">ddc</subfield>
    <subfield code="5">1</subfield>
    <subfield code="7">0</subfield>
    <subfield code="8">PD</subfield>
    <subfield code="a">BNPHU</subfield>
    <subfield code="b">BNPHU</subfield>
    <subfield code="c">HD</subfield>
    <subfield code="d">2011-10-21</subfield>
    <subfield code="l">0</subfield>
    <subfield code="o">BNPHU PD 972.93 N964o</subfield>
    <subfield code="p">34902-10</subfield>
    <subfield code="r">2020-06-25</subfield>
    <subfield code="w">2020-06-25</subfield>
    <subfield code="y">LBS1</subfield>
    <subfield code="Z">No se presta</subfield>
  </datafield>
  <datafield tag="952" ind1=" " ind2=" ">
    <subfield code="0">0</subfield>
    <subfield code="1">0</subfield>
    <subfield code="2">ddc</subfield>
    <subfield code="5">1</subfield>
    <subfield code="7">0</subfield>
    <subfield code="8">PD</subfield>
    <subfield code="a">BNPHU</subfield>
    <subfield code="b">BNPHU</subfield>
    <subfield code="c">HD</subfield>
    <subfield code="d">2011-10-21</subfield>
    <subfield code="l">0</subfield>
    <subfield code="o">BNPHU PD 972.93 N964o</subfield>
    <subfield code="p">34902-20</subfield>
    <subfield code="r">2020-06-25</subfield>
    <subfield code="t">e. 2</subfield>
    <subfield code="w">2020-06-25</subfield>
    <subfield code="y">LBS1</subfield>
    <subfield code="Z">No se presta</subfield>
  </datafield>
  <datafield tag="999" ind1=" " ind2=" ">
    <subfield code="c">34393</subfield>
    <subfield code="d">34393</subfield>
  </datafield>
</record>
